Технический регламент о требованиях пожарной безопасности: Федеральный закон от 22 июня 2008 г. № 123-Ф3

Podrobná bibliografie
Jazyk:ruština
Vydáno: Москва, Стандартинформ, 2008
Témata:
Médium: MixedMaterials Kniha
KOHA link:https://koha.lib.tpu.ru/cgi-bin/koha/opac-detail.pl?biblionumber=153919

MARC

LEADER 00000nam0a2200000 4500
001 153919
005 20231101221727.0
035 |a (RuTPU)RU\TPU\book\166967 
090 |a 153919 
100 |a 20090219d2008 k a0rusy50 ca 
101 0 |a rus 
102 |a RU 
105 |a a n 000zy 
200 1 |a Технический регламент о требованиях пожарной безопасности  |e Федеральный закон от 22 июня 2008 г. № 123-Ф3 
210 |a Москва  |c Стандартинформ  |d 2008 
215 |a 91 с. 
606 1 |a Пожарная безопасность  |2 stltpush  |3 (RuTPU)RU\TPU\subj\78802  |9 87874 
606 1 |a Пожарная безопасность  |x Правовые основы  |2 stltpush  |3 (RuTPU)RU\TPU\subj\49925  |9 68685 
610 1 |a право 
610 1 |a административное право 
610 1 |a пожарная опасность 
610 1 |a пожарная защита 
610 1 |a федеральные законы 
610 1 |a Российская Федерация 
675 |a 614.841.3  |v 4 
686 |a Х621.163.04  |v LBC/SL-A  |2 rubbk 
801 1 |a RU  |b 63413507  |c 20090219  |g PSBO 
801 2 |a RU  |b 63413507  |c 20211021  |g PSBO 
942 |c BK